| 000 | 00949nam a2200277 i 4500 | ||
|---|---|---|---|
| 001 | bg | ||
| 245 | 0 | 0 |
_aLeksykon współczesnych międzynarodowych stosunków politycznych / _cred. nauk. Czesław Mojsiewicz ; [aut.] Jolanta Bryła [et al.]. |
| 250 | _aWyd. 5, uaktual. do grudnia 2003. | ||
| 260 |
_aWrocław : _b"Alta 2", _c2004. |
||
| 300 |
_a423 s. : _btab. ; _c21 cm. |
||
| 500 | _aNa s. red. odmienna kolejność aut. | ||
| 504 | _aBibliogr. s. 415-416. Indeks. | ||
| 650 | 9 |
_aPolityka międzynarodowa _yod 1945 r. |
|
| 655 | _aEncyklopedie | ||
| 700 | 1 |
_aMOJSIEWICZ, Czesław _d(1925- ). _eRed. |
|
| 700 | 1 | _aBRYŁA, Jolanta | |
| 015 | _aPB 8635/2004 | ||
| 020 | _a8388555863 | ||
| 040 | _cBPK | ||
| 041 | 0 | _apol | |
| 080 | _a327"1945/..."(03) | ||
| 920 | _a83-88555-86-3 | ||
| 942 | _cKS | ||
| 008 | s pl f |000 0 pol | ||
| 999 |
_c46846 _d46846 |
||
| 856 |
_uhttp://koha.tu.koszalin.pl/cgi-bin/koha/opac-detail.pl?biblionumber=46846 _yKatalog online BPK |
||